Harrison's Principles of Internal Medicine (Record no. 24769)

MARC details
000 -LEADER
fixed length control field 00345nam a22001577a 4500
003 - CONTROL NUMBER IDENTIFIER
control field SGT
020 ## - INTERNATIONAL STANDARD BOOK NUMBER
International Standard Book Number 9781264285846
082 ## - DEWEY DECIMAL CLASSIFICATION NUMBER
Classification number 610
Item number H22L
100 ## - MAIN ENTRY--PERSONAL NAME
Personal name Loscalzo
245 ## - TITLE STATEMENT
Title Harrison's Principles of Internal Medicine
260 ## - PUBLICATION, DISTRIBUTION, ETC. (IMPRINT)
Name of publisher, distributor, etc Mc Graw Hill
Year of Publication 2022
300 ## - PAGE DESCRIPTION
No. of Pages 1840
650 ## - SUBJECT ADDED ENTRY--TOPICAL TERM
Topical term or geographic name as entry element Medicine
653 ## - KEYWORDS--INDEX TERM
Keyword term Medicine
942 ## - ADDED ENTRY ELEMENTS (KOHA)
Source of classification or shelving scheme Dewey Decimal Classification
Koha item type Books
942 ## - ADDED ENTRY ELEMENTS (KOHA)
-- 6
Holdings
Withdrawn status Lost status Source of classification or shelving scheme Damaged status Not for loan Home library Current library Shelving location Date acquired Vendor Name Volume Information (Serial or Books or Non-Book Material) SGTU Bill Number Total Checkouts Full call number Accession No. (Barcode) Date last seen Bill Date Koha item type Date last borrowed
    Dewey Decimal Classification   Not For Loan SGT Dental Library SGT Dental Library Reference Book 10/08/2023 Ahuja Book Co. Pvt. Ltd. 1 SGTU 16974   610 H22L FD9045 19/01/2024   Books  
    Dewey Decimal Classification     SGT Dental Library SGT Dental Library Reference Book 10/08/2023 Ahuja Book Co. Pvt. Ltd. 1 SGTU 16974 6 610 H22L FD9046 05/07/2024   Books 05/07/2024
    Dewey Decimal Classification   Not For Loan SGT Dental Library SGT Dental Library Reference Book 10/08/2023 Ahuja Book Co. Pvt. Ltd. 1 SGTU 16974   610 H22L FD9047 10/08/2023   Books  
    Dewey Decimal Classification   Not For Loan SGT Dental Library SGT Dental Library Reference Book 10/08/2023 Ahuja Book Co. Pvt. Ltd. 1 SGTU 16974   610 H22L FD9048 10/08/2023   Books